| 000 | 01529cam a2200457 a 4500 | ||
|---|---|---|---|
| 001 | 21828 | ||
| 003 | VRT | ||
| 005 | 20260310162245.0 | ||
| 008 | 240318s2015 xo g 000 f slo | ||
| 015 | _aSNBA2015/12 | ||
| 020 |
_a9788081144578 _q(viaz.) |
||
| 035 | _a923AB5A1-963E-4F2E-AD9C-A9584AC883CE | ||
| 035 | _aurn:nbn:sk:snk-amlc2h | ||
| 035 | _aurn:nbn:sk:snk-am0091ng | ||
| 039 | 9 |
_a202403182018 _bVLOAD _c201606101907 _dVLOAD _c201604300412 _dVLOAD _c201604292200 _dVLOAD |
|
| 040 |
_aPOKPOH _bslo _cPOKPOH _dSNK _eAACR2 |
||
| 041 | 0 | _aslo | |
| 044 |
_axo _cSK |
||
| 072 | 7 |
_a821.162.4-3 _xSlovenská próza _2konspekt |
|
| 080 |
_a821.162.4-31 _22001 |
||
| 100 | 1 |
_aNagyová-Džerengová, Petra, _d1972- _4aut |
|
| 245 | 1 | 0 |
_aNepýtaj sa kde som _cPetra Nagyová Džerengová |
| 250 | _a2. vyd. | ||
| 260 |
_aBratislava _bMarenčin PT _c2015 |
||
| 300 |
_a319 s. _c17 cm |
||
| 655 | 7 |
_aslovenské romány _2SNKPH |
|
| 655 | 7 |
_aSlovak fiction _2SNKPHeng |
|
| 910 | _apokpoh | ||
| 910 | _asllk | ||
| 910 | _ahevk | ||
| 910 | _avthk | ||
| 910 | _asnk | ||
| 942 |
_2ddc _cKLDO _n0 |
||
| 949 |
_6270001000522096 _asvkbbA 146695 _bsvkbbm 757768 |
||
| 949 |
_617A1174261 _asnkSD 84697 _bsnk2015/30565 _o2312/15 _s6100:20151211 |
||
| 949 |
_617A1175321 _asnkSD 84697 D1 _bsnk2015/32278 _o2312/2015 |
||
| 949 |
_62889308788 _asavukPV 21606 _bsavuk2015/4635 |
||
| 949 |
_asnklmDK 7118 SNKLM _bsnklm2015/53 |
||
| 949 |
_6273K0588384 _asvkpoA 230206 _bsvkpo599490 |
||
| 999 |
_c21828 _d21828 |
||